<?xml version="1.0" encoding="UTF-8"?>
<collection xmlns="http://www.loc.gov/MARC21/slim">
 <record>
  <leader>02529nam a22003017a 4500</leader>
  <controlfield tag="001">NCT_57670</controlfield>
  <controlfield tag="008">190114b        xxu||||| |||| 00| 0 vie d</controlfield>
  <datafield tag="999" ind1=" " ind2=" ">
   <subfield code="c">2788</subfield>
   <subfield code="d">2788</subfield>
  </datafield>
  <datafield tag="020" ind1=" " ind2=" ">
   <subfield code="a">9786045709085</subfield>
   <subfield code="c">60000</subfield>
  </datafield>
  <datafield tag="082" ind1="0" ind2="4">
   <subfield code="2">23rd ed.</subfield>
   <subfield code="a">338.4</subfield>
   <subfield code="b">Th107</subfield>
  </datafield>
  <datafield tag="100" ind1="1" ind2=" ">
   <subfield code="a">Hoàng Văn Thành</subfield>
  </datafield>
  <datafield tag="245" ind1="1" ind2="0">
   <subfield code="a">Giáo trình marketing du lịch</subfield>
   <subfield code="c">Hoàng Văn Thành</subfield>
  </datafield>
  <datafield tag="260" ind1=" " ind2=" ">
   <subfield code="a">H.</subfield>
   <subfield code="b">Chính trị Quốc gia Sự thật</subfield>
   <subfield code="c">2014</subfield>
  </datafield>
  <datafield tag="300" ind1=" " ind2=" ">
   <subfield code="a">271 tr.</subfield>
   <subfield code="c">24cm</subfield>
  </datafield>
  <datafield tag="520" ind1="3" ind2=" ">
   <subfield code="a">Nội trình bày 2 phần: Những vấn đề chung của markting du lịch và chính sách marketing du lịch. Giúp cho bạn đọc có kiến thức cơ bản về marketing du lịch trong bối cảnh hội nhập kinh tế.</subfield>
  </datafield>
  <datafield tag="653" ind1=" " ind2=" ">
   <subfield code="a">Quản trị DV Du lịch và Lữ hành</subfield>
  </datafield>
  <datafield tag="942" ind1=" " ind2=" ">
   <subfield code="2">ddc</subfield>
   <subfield code="c">BK</subfield>
  </datafield>
  <datafield tag="952" ind1=" " ind2=" ">
   <subfield code="0">0</subfield>
   <subfield code="1">0</subfield>
   <subfield code="2">ddc</subfield>
   <subfield code="4">0</subfield>
   <subfield code="6">338_400000000000000_TH107</subfield>
   <subfield code="7">0</subfield>
   <subfield code="9">15231</subfield>
   <subfield code="a">000001</subfield>
   <subfield code="b">000001</subfield>
   <subfield code="d">2019-01-14</subfield>
   <subfield code="l">1</subfield>
   <subfield code="o">338.4 Th107</subfield>
   <subfield code="p">MD.14116</subfield>
   <subfield code="r">2019-11-18</subfield>
   <subfield code="s">2019-11-05</subfield>
   <subfield code="v">60000.00</subfield>
   <subfield code="w">2019-01-14</subfield>
   <subfield code="y">BK</subfield>
  </datafield>
  <datafield tag="952" ind1=" " ind2=" ">
   <subfield code="0">0</subfield>
   <subfield code="1">0</subfield>
   <subfield code="2">ddc</subfield>
   <subfield code="4">0</subfield>
   <subfield code="6">338_400000000000000_TH107</subfield>
   <subfield code="7">0</subfield>
   <subfield code="9">15232</subfield>
   <subfield code="a">000001</subfield>
   <subfield code="b">000001</subfield>
   <subfield code="d">2019-01-14</subfield>
   <subfield code="o">338.4 Th107</subfield>
   <subfield code="p">MD.14117</subfield>
   <subfield code="r">2019-01-14</subfield>
   <subfield code="v">60000.00</subfield>
   <subfield code="w">2019-01-14</subfield>
   <subfield code="y">BK</subfield>
  </datafield>
  <datafield tag="952" ind1=" " ind2=" ">
   <subfield code="0">0</subfield>
   <subfield code="1">0</subfield>
   <subfield code="2">ddc</subfield>
   <subfield code="4">0</subfield>
   <subfield code="6">338_400000000000000_TH107</subfield>
   <subfield code="7">0</subfield>
   <subfield code="9">15233</subfield>
   <subfield code="a">000001</subfield>
   <subfield code="b">000001</subfield>
   <subfield code="d">2019-01-14</subfield>
   <subfield code="l">1</subfield>
   <subfield code="o">338.4 Th107</subfield>
   <subfield code="p">MD.14118</subfield>
   <subfield code="r">2021-01-26</subfield>
   <subfield code="s">2021-01-19</subfield>
   <subfield code="v">60000.00</subfield>
   <subfield code="w">2019-01-14</subfield>
   <subfield code="y">BK</subfield>
  </datafield>
  <datafield tag="952" ind1=" " ind2=" ">
   <subfield code="0">0</subfield>
   <subfield code="1">0</subfield>
   <subfield code="2">ddc</subfield>
   <subfield code="4">0</subfield>
   <subfield code="6">338_400000000000000_TH107</subfield>
   <subfield code="7">0</subfield>
   <subfield code="9">15234</subfield>
   <subfield code="a">000001</subfield>
   <subfield code="b">000001</subfield>
   <subfield code="d">2019-01-14</subfield>
   <subfield code="l">1</subfield>
   <subfield code="o">338.4 Th107</subfield>
   <subfield code="p">MD.14119</subfield>
   <subfield code="r">2021-01-14</subfield>
   <subfield code="s">2020-08-25</subfield>
   <subfield code="v">60000.00</subfield>
   <subfield code="w">2019-01-14</subfield>
   <subfield code="y">BK</subfield>
  </datafield>
  <datafield tag="952" ind1=" " ind2=" ">
   <subfield code="0">0</subfield>
   <subfield code="1">0</subfield>
   <subfield code="2">ddc</subfield>
   <subfield code="4">0</subfield>
   <subfield code="6">338_400000000000000_TH107</subfield>
   <subfield code="7">0</subfield>
   <subfield code="9">15235</subfield>
   <subfield code="a">000001</subfield>
   <subfield code="b">000001</subfield>
   <subfield code="d">2019-01-14</subfield>
   <subfield code="l">2</subfield>
   <subfield code="o">338.4 Th107</subfield>
   <subfield code="p">MD.14120</subfield>
   <subfield code="r">2020-08-25</subfield>
   <subfield code="s">2020-08-13</subfield>
   <subfield code="v">60000.00</subfield>
   <subfield code="w">2019-01-14</subfield>
   <subfield code="y">BK</subfield>
  </datafield>
  <datafield tag="952" ind1=" " ind2=" ">
   <subfield code="0">0</subfield>
   <subfield code="1">0</subfield>
   <subfield code="2">ddc</subfield>
   <subfield code="4">0</subfield>
   <subfield code="6">338_400000000000000_TH107</subfield>
   <subfield code="7">0</subfield>
   <subfield code="9">15236</subfield>
   <subfield code="a">000001</subfield>
   <subfield code="b">000001</subfield>
   <subfield code="d">2019-01-14</subfield>
   <subfield code="l">1</subfield>
   <subfield code="o">338.4 Th107</subfield>
   <subfield code="p">MD.14121</subfield>
   <subfield code="r">2019-05-14</subfield>
   <subfield code="s">2019-04-25</subfield>
   <subfield code="v">60000.00</subfield>
   <subfield code="w">2019-01-14</subfield>
   <subfield code="y">BK</subfield>
  </datafield>
  <datafield tag="952" ind1=" " ind2=" ">
   <subfield code="0">0</subfield>
   <subfield code="1">0</subfield>
   <subfield code="2">ddc</subfield>
   <subfield code="4">0</subfield>
   <subfield code="6">338_400000000000000_TH107</subfield>
   <subfield code="7">0</subfield>
   <subfield code="9">15237</subfield>
   <subfield code="a">000001</subfield>
   <subfield code="b">000001</subfield>
   <subfield code="d">2019-01-14</subfield>
   <subfield code="l">2</subfield>
   <subfield code="o">338.4 Th107</subfield>
   <subfield code="p">MD.14122</subfield>
   <subfield code="r">2021-01-25</subfield>
   <subfield code="s">2021-01-11</subfield>
   <subfield code="v">60000.00</subfield>
   <subfield code="w">2019-01-14</subfield>
   <subfield code="y">BK</subfield>
  </datafield>
  <datafield tag="952" ind1=" " ind2=" ">
   <subfield code="0">0</subfield>
   <subfield code="1">0</subfield>
   <subfield code="2">ddc</subfield>
   <subfield code="4">0</subfield>
   <subfield code="6">338_400000000000000_TH107</subfield>
   <subfield code="7">0</subfield>
   <subfield code="9">15238</subfield>
   <subfield code="a">000001</subfield>
   <subfield code="b">000001</subfield>
   <subfield code="d">2019-01-14</subfield>
   <subfield code="l">1</subfield>
   <subfield code="o">338.4 Th107</subfield>
   <subfield code="p">MD.14123</subfield>
   <subfield code="r">2021-01-15</subfield>
   <subfield code="s">2021-01-06</subfield>
   <subfield code="v">60000.00</subfield>
   <subfield code="w">2019-01-14</subfield>
   <subfield code="y">BK</subfield>
  </datafield>
  <datafield tag="952" ind1=" " ind2=" ">
   <subfield code="0">0</subfield>
   <subfield code="1">0</subfield>
   <subfield code="2">ddc</subfield>
   <subfield code="4">0</subfield>
   <subfield code="6">338_400000000000000_TH107</subfield>
   <subfield code="7">0</subfield>
   <subfield code="9">15239</subfield>
   <subfield code="a">000001</subfield>
   <subfield code="b">000001</subfield>
   <subfield code="d">2019-01-14</subfield>
   <subfield code="l">1</subfield>
   <subfield code="o">338.4 Th107</subfield>
   <subfield code="p">MD.14124</subfield>
   <subfield code="r">2021-01-26</subfield>
   <subfield code="s">2021-01-19</subfield>
   <subfield code="v">60000.00</subfield>
   <subfield code="w">2019-01-14</subfield>
   <subfield code="y">BK</subfield>
  </datafield>
  <datafield tag="952" ind1=" " ind2=" ">
   <subfield code="0">0</subfield>
   <subfield code="1">0</subfield>
   <subfield code="2">ddc</subfield>
   <subfield code="4">0</subfield>
   <subfield code="6">338_400000000000000_TH107</subfield>
   <subfield code="7">0</subfield>
   <subfield code="9">15240</subfield>
   <subfield code="a">000001</subfield>
   <subfield code="b">000001</subfield>
   <subfield code="d">2019-01-14</subfield>
   <subfield code="o">338.4 Th107</subfield>
   <subfield code="p">MD.14125</subfield>
   <subfield code="r">2019-01-14</subfield>
   <subfield code="v">60000.00</subfield>
   <subfield code="w">2019-01-14</subfield>
   <subfield code="y">BK</subfield>
  </datafield>
  <datafield tag="980" ind1=" " ind2=" ">
   <subfield code="a">Thư viện Trường Đại học Nam Cần Thơ</subfield>
  </datafield>
 </record>
</collection>
